[Event "Belgrade Radnicki Schev 02"]
[Site "Belgrade"]
[Date "2024.02.26"]
[Round "9.1"]
[White "Hart, Alexander E"]
[Black "Budimir, Dragan"]
[Result "1-0"]
[WhiteElo "1996"]
[BlackElo "1825"]
[PlyCount "135"]
[EventDate "2024.02.22"]
[EventType "schev"]
[EventRounds "10"]
[EventCountry "SRB"]
[SourceTitle "CB10_2024"]
[SourceDate "2024.03.06"]
[SourceVersion "1"]
[SourceVersionDate "2024.03.06"]
[SourceQuality "1"]
[WhiteTeam "Team A"]
[BlackTeam "Team B"]
[WhiteTeamCountry "SRB"]
[BlackTeamCountry "SRB"]

1. d4 Nf6 2. c4 d6 3. Nc3 g6 4. e4 Bg7 5. Nge2 0-0 6. Ng3 e5 7. d5 Nbd7 8. Be2 Nc5 9. h4 h6 10. Be3 a5 11. Qd2 Kh7 12. f3 b6 13. 0-0-0 Ng8 14. h5 g5 15. Rdg1 Ne7 16. Nf1 f5 17. g4 f4 18. Bxc5 bxc5 19. Bd1 Bd7 20. Ba4 Bxa4 21. Nxa4 Qd7 22. Qc2 Rfb8 23. Nd2 Nc8 24. Kd1 Nb6 25. Nc3 Bf6 26. Ke2 Bd8 27. Rb1 a4 28. b4 axb3 29. axb3 Ra6 30. Ra1 Rba8 31. Qb2 Qc8 32. Nb5 Rxa1 33. Rxa1 Rxa1 34. Qxa1 Qa8 35. Qa7 Qxa7 36. Nxa7 Kg7 37. Nc6 Bf6 38. Nb1 Kf7 39. Nc3 Ke8 40. Kd2 Kd7 41. Kc2 Kc8 42. Kb2 Kb7 43. Ka3 Ka6 44. Kb2 Kb7 45. Nb5 Nd7 46. Kc3 Kb6 47. Nba7 Kb7 48. Nb5 Kb6 49. Na3 Kb7 50. Nc2 Kb6 51. Ne1 Ka6 52. Nd3 Kb6 53. Kc2 Ka6 54. Kb2 Kb6 55. Ka3 Ka6 56. b4 cxb4+ 57. Kxb4 Kb6 58. c5+ Ka6 59. Kc4 Kb7 60. Kb5 Kc8 61. Na5 Be7 62. Nc4 Kd8 63. Kc6 Nb8+ 64. Kb7 Nd7 65. c6 Nf6 66. Na3 Ne8 67. Nb5 Bf8 68. Nb4 1-0

[Event "St Petersburg Korchnoi Memorial op"]
[Site "St Petersburg"]
[Date "2023.08.18"]
[Round "1"]
[White "Hart, Alexander E"]
[Black "Chmilenko, Dmitriy"]
[Result "0-1"]
[WhiteElo "2028"]
[BlackElo "1488"]
[PlyCount "120"]
[EventDate "2023.08.18"]
[EventType "swiss"]
[EventRounds "9"]
[EventCountry "RUS"]
[SourceTitle "EXT 2024"]
[Source "ChessBase"]
[SourceDate "2023.10.10"]
[SourceVersion "1"]
[SourceVersionDate "2023.10.10"]
[SourceQuality "1"]

1. d4 Nf6 2. c4 c5 3. d5 e6 4. Nc3 exd5 5. cxd5 d6 6. e4 g6 7. Nge2 Bg7 8. Ng3 0-0 9. Be2 Re8 10. 0-0 a6 11. a4 Nbd7 12. Bg5 Rb8 13. Qd2 h5 14. f4 Qc7 15. e5 dxe5 16. fxe5 Qxe5 17. Bf4 Qd4+ 18. Qxd4 cxd4 19. Nb5 axb5 20. Bxb8 Nxb8 21. Bxb5 Rd8 22. d6 h4 23. Ne2 Nd5 24. Rac1 Bf5 25. h3 d3 26. Rxf5 gxf5 27. Bxd3 Nc6 28. Bxf5 Ne3 29. Be4 Rxd6 30. b4 Rd1+ 31. Rxd1 Nxd1 32. a5 Nc3 33. Nxc3 Bxc3 34. a6 Bxb4 35. axb7 Nb8 36. Kf2 Bd6 37. Kf3 Nd7 38. Bf5 Nc5 39. Kg4 Bg3 40. b8Q+ Bxb8 41. Kxh4 Kg7 42. Kg4 Ne6 43. h4 Kh6 44. Be4 Nd4 45. Bd3 Nc6 46. Kh3 Ne5 47. Be4 Kh5 48. Bf5 Bd6 49. g4+ Kh6 50. g5+ Kh5 51. Bc2 Bb4 52. Bd1+ Kg6 53. Bc2+ Kg7 54. h5 Bd2 55. h6+ Kh8 56. Kh4 Nf3+ 57. Kg4 Nxg5 58. Bb3 Kh7 59. Kf5 Kxh6 60. Kf6 Bc3+ 0-1

[Event "FIN-chT 2223"]
[Site "Finland"]
[Date "2023.01.14"]
[Round "7.7"]
[White "Satonen, Arto"]
[Black "Hart, Alexander E"]
[Result "0-1"]
[WhiteElo "2060"]
[BlackElo "1985"]
[PlyCount "124"]
[EventDate "2022.09.24"]
[EventType "team-tourn"]
[EventRounds "11"]
[EventCountry "FIN"]
[SourceTitle "EXT 2024"]
[Source "ChessBase"]
[SourceDate "2023.10.10"]
[SourceVersion "1"]
[SourceVersionDate "2023.10.10"]
[SourceQuality "1"]
[WhiteTeam "Vammala SK"]
[BlackTeam "Raahe Li"]
[WhiteTeamCountry "FIN"]
[BlackTeamCountry "FIN"]

1. e4 c6 2. c4 d5 3. exd5 cxd5 4. cxd5 Nf6 5. Bb5+ Nbd7 6. Nc3 a6 7. Qa4 Rb8 8. Bxd7+ Bxd7 9. Qb3 b5 10. d4 g6 11. Bf4 Rc8 12. Nf3 Bg7 13. 0-0 0-0 14. Rfe1 a5 15. Ne5 b4 16. Ne4 Bb5 17. a4 Be8 18. Nxf6+ exf6 19. Nd3 h5 20. Rac1 Bd7 21. Rxc8 Bxc8 22. Rc1 Bf5 23. Bc7 Qd7 24. Rc5 Bxd3 25. Qxd3 Re8 26. h3 Bf8 27. d6 Bxd6 28. Bxd6 Re1+ 29. Kh2 Qxd6+ 30. g3 h4 31. Qd2 hxg3+ 32. fxg3 Qe6 33. Re5 fxe5 34. d5 Qd6 35. Qxe1 Qxd5 36. h4 Qd4 37. Qe2 e4 38. Kh3 Qd7+ 39. Kg2 Qd4 40. b3 Kg7 41. Qb5 Qb2+ 42. Kh3 e3 43. h5 Qf2 44. Qe5+ Kh7 45. hxg6+ Kxg6 46. Kg4 f5+ 47. Kh3 Qf1+ 48. Kh2 Qe2+ 49. Kh3 Qf1+ 50. Kh2 e2 51. Qe6+ Kg5 52. Qe7+ Kh6 53. Qe6+ Kh5 54. Qf7+ Kg4 55. Qc4+ f4 56. Qe6+ Kf3 57. Qd5+ Ke3 58. Qc5+ Kd2 59. Qd4+ Kc2 60. Qc4+ Kb2 61. Qd4+ Ka3 62. gxf4 e1Q 0-1

[Event "Bremen Silvester op-A"]
[Site "Bremen"]
[Date "2022.12.28"]
[Round "3"]
[White "Hart, Alexander E"]
[Black "Asadzade, Idris"]
[Result "1/2-1/2"]
[WhiteElo "1999"]
[BlackElo "2194"]
[PlyCount "184"]
[EventDate "2022.12.27"]
[EventType "swiss"]
[EventRounds "7"]
[EventCountry "GER"]
[SourceTitle "CBM 211 Extra"]
[Source "ChessBase"]
[SourceDate "2023.01.31"]
[SourceVersion "1"]
[SourceVersionDate "2023.01.31"]
[SourceQuality "1"]

1. d4 d5 2. c4 e6 3. Nc3 Nf6 4. cxd5 exd5 5. Bg5 c6 6. e3 Be6 7. Qb3 Nbd7 8. Qxb7 Rb8 9. Qxc6 Rb6 10. Qa4 Rxb2 11. a3 Bd6 12. Nf3 Qb8 13. Bxf6 gxf6 14. Bb5 Rg8 15. Nd2 Rxg2 16. 0-0-0 Rxb5 17. Nxb5 Bxh2 18. Rxh2 Qxh2 19. Qxa7 Rxf2 20. a4 Bg4 21. Nc7+ Kd8 22. Nxd5 Bxd1 23. Qa8+ Qb8 24. Qa5+ Ke8 25. Kxd1 Kf8 26. Qc3 Qa8 27. Qb4+ Kg7 28. Qb5 Nb8 29. Ke1 Rg2 30. Nf4 Rg1+ 31. Kf2 Rg5 32. Qe8 Qb7 33. Ne4 Ra5 34. Nc5 Rxc5 35. dxc5 Nc6 36. Nh5+ Kh6 37. Nf4 Kg7 38. Nh5+ Kh6 39. Nf4 Ne5 40. Qf8+ Kg5 41. Qg7+ Ng6 42. Ne6+ Kg4 43. Nd4 h5 44. Qxf6 Qb2+ 45. Ke1 Qc1+ 46. Ke2 Qxc5 47. Qxf7 Ne5 48. Qf4+ Kh3 49. Qf5+ Kg3 50. Qg5+ Kh3 51. Qxh5+ Kg2 52. Qg5+ Kh3 53. Qf5+ Kg3 54. Qf2+ Kh3 55. Qf1+ Kg4 56. Qg2+ Kh5 57. Qh3+ Kg6 58. Qf5+ Kh6 59. Qe6+ Kh5 60. Qf5+ Kh6 61. Qh3+ Kg6 62. Qg3+ Kh5 63. Qh2+ Kg6 64. Qg1+ Kh5 65. Qh1+ Kg4 66. Qg1+ Kh5 67. Qh1+ Kg4 68. Qe4+ Kh5 69. Qc2 Qa5 70. Qh7+ Kg4 71. Qf5+ Kg3 72. Qf4+ Kh3 73. Qf5+ Kg3 74. Qf2+ Kg4 75. Qg1+ Kh5 76. Qh1+ Kg4 77. Qd1 Kh3 78. Qh1+ Kg4 79. Qd1 Kh3 80. Qb3 Qa6+ 81. Qb5 Qf6 82. Qe8 Kg3 83. Qg8+ Ng4 84. Qb8+ Ne5 85. Qg8+ Ng4 86. Kd3 Qa6+ 87. Kc3 Qxa4 88. Qb8+ Kh3 89. Qf4 Qa1+ 90. Kd3 Qa3+ 91. Kd2 Qxe3+ 92. Qxe3+ Nxe3 1/2-1/2

[Event "Ostersund Storsjodraget op"]
[Site "Ostersund"]
[Date "2022.06.12"]
[Round "7"]
[White "Sian, Shadi"]
[Black "Hart, Alexander E"]
[Result "1/2-1/2"]
[WhiteElo "1935"]
[BlackElo "2084"]
[PlyCount "143"]
[EventDate "2022.06.10"]
[EventType "swiss"]
[EventRounds "7"]
[EventCountry "SWE"]
[SourceTitle "CBM 208 Extra"]
[Source "ChessBase"]
[SourceDate "2022.07.31"]
[SourceVersion "1"]
[SourceVersionDate "2022.07.31"]
[SourceQuality "1"]

1. d4 d5 2. Nf3 Nf6 3. c4 c6 4. e3 Bg4 5. Qb3 Bxf3 6. Qxb7 Bxg2 7. Bxg2 Nbd7 8. Nc3 e6 9. e4 dxc4 10. Qxc6 Rc8 11. Qa4 Qb6 12. e5 Ng4 13. Qd1 h5 14. 0-0 Be7 15. a4 a5 16. Nb5 Kf8 17. h3 Nh6 18. Qxh5 Kg8 19. Bxh6 Rxh6 20. Qe2 Nf8 21. Rac1 Ng6 22. Rxc4 Rd8 23. Qe4 Rb8 24. Qc6 Qd8 25. Qc7 Qf8 26. Nd6 Nf4 27. Qxb8 Qxb8 28. Rc8+ Qxc8 29. Nxc8 Bh4 30. Kh2 Bd8 31. Rd1 f6 32. d5 exd5 33. e6 Bc7 34. e7 Kf7 35. Kh1 Rh8 36. Na7 Kxe7 37. Bxd5 Rxh3+ 38. Kg1 Rd3 39. Rxd3 Nxd3 40. b3 Nxf2 41. Kxf2 Bb6+ 42. Kf3 Bxa7 43. Be4 Ke6 44. Kg4 Ke5 45. Bf5 Be3 46. Bg6 Bd2 47. Bf5 Kd4 48. Kh5 g5 49. Kg4 Ke5 50. Bd3 Bc3 51. Bf5 Bb2 52. Bc2 Kd4 53. Bf5 Kc3 54. Be6 Kc2 55. Bf7 Be5 56. Be6 Kc3 57. Bf7 Kd3 58. Bg6+ Ke3 59. Bf5 Kd4 60. Bg6 Bf4 61. Bf5 Ke5 62. Bh7 Ke6 63. Bg6 Ke7 64. Bf5 Kf7 65. Bh7 Kg7 66. Bf5 Bd2 67. Bd3 Kf7 68. Bf5 Bb4 69. Bh7 Bd2 70. Bf5 Kg7 71. Bd3 Kh6 72. Bf5 1/2-1/2

[Event "Novi Sad TS 222nd"]
[Site "Novi Sad"]
[Date "2021.11.21"]
[Round "9.1"]
[White "Knezevic, Milorad J"]
[Black "Hart, Alexander E"]
[Result "1/2-1/2"]
[WhiteElo "2146"]
[BlackElo "1992"]
[PlyCount "117"]
[EventDate "2021.11.16"]
[EventType "schev"]
[EventRounds "10"]
[EventCountry "SRB"]
[SourceTitle "EXT 2023"]
[Source "ChessBase"]
[SourceDate "2022.10.05"]
[SourceVersion "1"]
[SourceVersionDate "2022.10.05"]
[SourceQuality "1"]
[WhiteTeam "Team A"]
[BlackTeam "Team B"]
[WhiteTeamCountry "SRB"]
[BlackTeamCountry "SRB"]

1. d4 d5 2. Nf3 Nf6 3. e3 e6 4. Ne5 Be7 5. c4 0-0 6. Nc3 b6 7. cxd5 exd5 8. Be2 Bb7 9. 0-0 Nbd7 10. Nxd7 Qxd7 11. b3 Rfd8 12. Bb2 Rac8 13. Rc1 c5 14. dxc5 bxc5 15. Bf3 d4 16. exd4 cxd4 17. Bxb7 Qxb7 18. Na4 Rxc1 19. Bxc1 Rd5 20. Qd3 Qd7 21. Bf4 Nh5 22. Bg3 g6 23. Nb2 Ng7 24. Nc4 Nf5 25. Bf4 h5 26. h3 h4 27. Re1 Bf6 28. Kf1 Kg7 29. Rd1 Qb7 30. Re1 Qa6 31. a4 Rd8 32. Be5 Bxe5 33. Rxe5 Qf6 34. Kg1 Qg5 35. Re4 Qc1+ 36. Kh2 Rc8 37. Nd6 Qc7 38. Rxd4 Rd8 39. g3 hxg3+ 40. fxg3 Rxd6 41. Rxd6 Qxd6 42. Qxd6 Nxd6 43. b4 Kf6 44. h4 Ke5 45. Kh3 Kd4 46. g4 a6 47. h5 gxh5 48. gxh5 Ke5 49. Kg4 f5+ 50. Kg5 f4 51. Kg4 Ke4 52. b5 Nxb5 53. axb5 axb5 54. h6 f3 55. Kg3 Ke3 56. h7 f2 57. h8Q f1Q 58. Qe5+ Kd2 59. Qb2+ 1/2-1/2

[Event "Novi Sad TS Mix 218th"]
[Site "Novi Sad"]
[Date "2021.10.28"]
[Round "6"]
[White "Vratonjic, Slobodan"]
[Black "Hart, Alexander E"]
[Result "1-0"]
[WhiteElo "2294"]
[BlackElo "1994"]
[PlyCount "37"]
[EventDate "2021.10.25"]
[EventType "swiss"]
[EventRounds "10"]
[EventCountry "SRB"]
[SourceTitle "CBM 205 Extra"]
[Source "ChessBase"]
[SourceDate "2022.01.31"]
[SourceVersion "1"]
[SourceVersionDate "2022.01.31"]
[SourceQuality "1"]

1. e4 c6 2. d4 d5 3. exd5 cxd5 4. c4 Nf6 5. Nc3 g6 6. Qb3 Bg7 7. cxd5 0-0 8. Be2 Qb6 9. Bf4 Na6 10. Bxa6 Qxa6 11. Nge2 Bf5 12. 0-0 Bd3 13. Rfe1 Bc4 14. Qb4 Bxe2 15. Rxe2 Nxd5 16. Nxd5 Qxe2 17. Re1 Qd3 18. Nxe7+ Kh8 19. d5 1-0

[Event "Novi Sad TS Mix 218th"]
[Site "Novi Sad"]
[Date "2021.10.27"]
[Round "4"]
[White "Hart, Alexander E"]
[Black "Joel Paul, Ganta"]
[Result "0-1"]
[WhiteElo "1994"]
[BlackElo "1922"]
[PlyCount "50"]
[EventDate "2021.10.25"]
[EventType "swiss"]
[EventRounds "10"]
[EventCountry "SRB"]
[SourceTitle "CBM 205 Extra"]
[Source "ChessBase"]
[SourceDate "2022.01.31"]
[SourceVersion "1"]
[SourceVersionDate "2022.01.31"]
[SourceQuality "1"]

1. d4 Nf6 2. c4 g6 3. Nc3 Bg7 4. e4 d6 5. f3 0-0 6. Nge2 c5 7. Be3 cxd4 8. Nxd4 Nc6 9. Qd2 Nxd4 10. Bxd4 Qa5 11. Be2 Be6 12. 0-0 Rac8 13. b3 Rfd8 14. Rfd1 a6 15. Rac1 b5 16. cxb5 axb5 17. Bxb5 Rxc3 18. Rxc3 Qxb5 19. a4 Qb4 20. Rc8 Qxd4+ 21. Qxd4 Rxc8 22. Qb4 Nd7 23. Rb1 Bc3 24. Qa3 Nc5 25. b4 Nd3 0-1

[Event "Novi Sad TS Mix 218th"]
[Site "Novi Sad"]
[Date "2021.10.26"]
[Round "2"]
[White "Hart, Alexander E"]
[Black "Kukreja, Sankalp"]
[Result "0-1"]
[WhiteElo "1994"]
[BlackElo "1902"]
[PlyCount "74"]
[EventDate "2021.10.25"]
[EventType "swiss"]
[EventRounds "10"]
[EventCountry "SRB"]
[SourceTitle "CBM 205 Extra"]
[Source "ChessBase"]
[SourceDate "2022.01.31"]
[SourceVersion "1"]
[SourceVersionDate "2022.01.31"]
[SourceQuality "1"]

1. d4 d5 2. c4 c6 3. Nf3 Nf6 4. Nbd2 Bf5 5. Nh4 Be4 6. f3 Bg6 7. Qb3 Qc7 8. e4 dxe4 9. Nxg6 hxg6 10. Nxe4 Nxe4 11. fxe4 e5 12. Be3 exd4 13. Bxd4 Bd6 14. 0-0-0 Rxh2 15. Bd3 Nd7 16. e5 Rxh1 17. Rxh1 Bc5 18. Rh8+ Ke7 19. Rxa8 Bxd4 20. Qa3+ Bc5 21. Qc3 Nf8 22. b4 Be3+ 23. Kb1 Ne6 24. Rh8 Bd4 25. Qe1 Bxe5 26. Rh3 Qd6 27. Re3 f6 28. Bxg6 Qd4 29. Rxe5 Qxe5 30. Qxe5 fxe5 31. Kc2 Kf6 32. Bd3 Kg5 33. a4 Kf4 34. b5 e4 35. Bf1 Ke3 36. g4 Kf2 37. Bh3 Nf4 0-1

[Event "Novi Sad TS Mix 217th"]
[Site "Novi Sad"]
[Date "2021.10.22"]
[Round "11"]
[White "Hart, Alexander E"]
[Black "Drazic, Sinisa"]
[Result "0-1"]
[WhiteElo "1994"]
[BlackElo "2353"]
[PlyCount "50"]
[EventDate "2021.10.16"]
[EventType "tourn"]
[EventRounds "13"]
[EventCountry "SRB"]
[EventCategory "1"]
[SourceTitle "EXT 2023"]
[Source "ChessBase"]
[SourceDate "2022.10.05"]
[SourceVersion "1"]
[SourceVersionDate "2022.10.05"]
[SourceQuality "1"]

1. d4 e6 2. c4 f5 3. Nc3 Nf6 4. e3 Bb4 5. Bd3 0-0 6. Nge2 b6 7. 0-0 Bb7 8. f3 Nc6 9. Bd2 Qe8 10. Nb5 Bxd2 11. Qxd2 Rc8 12. Rac1 a6 13. Nbc3 Qe7 14. e4 fxe4 15. Nxe4 Nb4 16. Nxf6+ Rxf6 17. Bb1 Qd6 18. a3 Nc6 19. Rc3 Rh6 20. f4 Rf8 21. Rff3 b5 22. c5 Qd5 23. Rh3 Rxh3 24. Rxh3 g6 25. Kh1 Ne7 0-1

[Event "Novi Sad TS Mix 217th"]
[Site "Novi Sad"]
[Date "2021.10.22"]
[Round "10"]
[White "Leskur, Dejan"]
[Black "Hart, Alexander E"]
[Result "1/2-1/2"]
[WhiteElo "2285"]
[BlackElo "1994"]
[PlyCount "45"]
[EventDate "2021.10.16"]
[EventType "tourn"]
[EventRounds "13"]
[EventCountry "SRB"]
[EventCategory "1"]
[SourceTitle "EXT 2023"]
[Source "ChessBase"]
[SourceDate "2022.10.05"]
[SourceVersion "1"]
[SourceVersionDate "2022.10.05"]
[SourceQuality "1"]

1. Nf3 d5 2. b3 c6 3. Bb2 Bf5 4. g3 Nf6 5. Bg2 h6 6. 0-0 e6 7. d3 Be7 8. Nbd2 0-0 9. Re1 Bh7 10. e4 c5 11. Ne5 Nc6 12. Nxc6 bxc6 13. Qe2 a5 14. a4 Qb6 15. Rad1 Rfe8 16. Kh1 Rad8 17. f4 Nd7 18. Rf1 Qa6 19. g4 Nb6 20. c4 Nd7 21. Qf2 d4 22. Qg3 e5 23. fxe5 1/2-1/2

[Event "Novi Sad TS Mix 217th"]
[Site "Novi Sad"]
[Date "2021.10.21"]
[Round "9"]
[White "Hart, Alexander E"]
[Black "Markovic, Miroslav"]
[Result "0-1"]
[WhiteElo "1994"]
[BlackElo "2336"]
[PlyCount "144"]
[EventDate "2021.10.16"]
[EventType "tourn"]
[EventRounds "13"]
[EventCountry "SRB"]
[EventCategory "1"]
[SourceTitle "EXT 2023"]
[Source "ChessBase"]
[SourceDate "2022.10.05"]
[SourceVersion "1"]
[SourceVersionDate "2022.10.05"]
[SourceQuality "1"]

1. d4 d6 2. c4 g6 3. e4 Bg7 4. Nc3 Nc6 5. Nge2 e5 6. Be3 Nf6 7. f3 0-0 8. Qd2 Nd7 9. d5 Ne7 10. g4 f5 11. gxf5 gxf5 12. 0-0-0 f4 13. Bf2 Kh8 14. Kb1 Bf6 15. Nc1 a6 16. Nd3 Rg8 17. c5 Nf8 18. Na4 dxc5 19. Ndxc5 Qd6 20. Nb3 b6 21. Ka1 Bd7 22. Nc3 Nc8 23. Nb1 Qe7 24. Na3 Bh4 25. Bxh4 Qxh4 26. Qc3 Ng6 27. Qxc7 Ra7 28. Qc3 b5 29. d6 Qf2 30. Nc2 Nb6 31. Rd2 Qh4 32. Qc5 Rb7 33. Nb4 a5 34. Nc2 Rc8 35. Qf2 a4 36. Nc1 Rbb8 37. Bd3 Nc4 38. Bxc4 bxc4 39. Qa7 Qh3 40. Rf2 Qh4 41. Rhf1 Qd8 42. Ne2 Ra8 43. Qb7 Rab8 44. Qa7 Rc6 45. Nc3 Rxd6 46. Na3 Be6 47. Rc2 Ra8 48. Qc5 Rd3 49. Qc6 Rd6 50. Qc5 Rc8 51. Qg1 Rd3 52. Rcc1 Rd2 53. Rfd1 Rb8 54. Rxd2 Qxd2 55. Rc2 Qd3 56. Qa7 Rd8 57. Qxa4 Qxf3 58. Qc6 Qh3 59. Qc7 Rd7 60. Qc8+ Kg7 61. Qc5 Bf7 62. Qg1 Rd3 63. Nab1 Re3 64. a4 Qh4 65. Rf2 Be8 66. Nd2 Bf7 67. Nf3 Qe7 68. h4 h5 69. Ng5 Bg8 70. Qd1 Qb4 71. Qd7+ Kh6 72. Qd2 Nxh4 0-1

[Event "Novi Sad TS Mix 217th"]
[Site "Novi Sad"]
[Date "2021.10.17"]
[Round "2"]
[White "Hart, Alexander E"]
[Black "Zivkovic, Nemanja"]
[Result "0-1"]
[WhiteElo "1994"]
[BlackElo "2318"]
[PlyCount "78"]
[EventDate "2021.10.16"]
[EventType "tourn"]
[EventRounds "13"]
[EventCountry "SRB"]
[EventCategory "1"]
[SourceTitle "EXT 2023"]
[Source "ChessBase"]
[SourceDate "2022.10.05"]
[SourceVersion "1"]
[SourceVersionDate "2022.10.05"]
[SourceQuality "1"]

1. d4 Nf6 2. c4 e6 3. Nc3 d5 4. cxd5 exd5 5. Bg5 Be7 6. e3 Nbd7 7. Bd3 0-0 8. Qc2 c6 9. Nf3 Re8 10. h3 Nf8 11. Bf4 Ne6 12. Bh2 g6 13. 0-0 Ng7 14. Rab1 Bf5 15. Bxf5 Nxf5 16. b4 a6 17. a4 Rc8 18. a5 Bd6 19. Bxd6 Nxd6 20. Ne5 Nh5 21. Na4 f6 22. Nf3 Ng7 23. Nb6 Rc7 24. Rfc1 Rf7 25. Na4 Ngf5 26. Nc5 Rc7 27. Qa2 Kh8 28. Rc2 g5 29. Re2 h5 30. Rbe1 g4 31. hxg4 hxg4 32. Nh2 g3 33. Ng4 gxf2+ 34. Rxf2 Rg7 35. Rf4 Qe7 36. Qf2 Reg8 37. Qf3 Rg5 38. Re2 R8g6 39. Qh3+ Kg7 0-1

[Event "Belgrade Spring IM2"]
[Site "Belgrade"]
[Date "2021.04.30"]
[Round "9"]
[White "Hart, Alexander E"]
[Black "Van Dael, Siem"]
[Result "0-1"]
[WhiteElo "2016"]
[BlackElo "2292"]
[PlyCount "83"]
[EventDate "2021.04.24"]
[EventType "tourn"]
[EventRounds "9"]
[EventCountry "SRB"]
[SourceTitle "CBM 202 Extra"]
[Source "ChessBase"]
[SourceDate "2021.07.31"]
[SourceVersion "1"]
[SourceVersionDate "2021.07.31"]
[SourceQuality "1"]

1. d4 Nf6 2. c4 g6 3. Nc3 Bg7 4. e4 d6 5. Nge2 0-0 6. Ng3 h5 7. Be2 h4 8. Nf1 Nh7 9. g4 Nd7 10. Be3 c6 11. Qd2 a6 12. f4 b5 13. e5 Bb7 14. c5 g5 15. Ne4 gxf4 16. Bxf4 dxe5 17. Bh6 exd4 18. Bxg7 Kxg7 19. Qxd4+ Ndf6 20. Qc3 Qd5 21. Nfd2 Ng5 22. Nf2 Rad8 23. Qe3 Nfh7 24. Nb3 Bc8 25. 0-0 Qe6 26. Qc3+ Qf6 27. Qe3 Qe6 28. Qc3+ f6 29. Rae1 Qf7 30. Nd4 Bd7 31. Bd1 e5 32. Nc2 Be6 33. Ne3 Rd4 34. b3 Rfd8 35. Be2 Nf8 36. Ng2 Ng6 37. Rd1 b4 38. Rxd4 Rxd4 39. Qe3 Bd5 40. Ne1 Nf4 41. h3 Kf8 42. Bxa6 0-1

[Event "Belgrade Spring IM2"]
[Site "Belgrade"]
[Date "2021.04.28"]
[Round "7"]
[White "Hart, Alexander E"]
[Black "Begus, Drasko"]
[Result "0-1"]
[WhiteElo "2016"]
[BlackElo "2321"]
[PlyCount "52"]
[EventDate "2021.04.24"]
[EventType "tourn"]
[EventRounds "9"]
[EventCountry "SRB"]
[SourceTitle "CBM 202 Extra"]
[Source "ChessBase"]
[SourceDate "2021.07.31"]
[SourceVersion "1"]
[SourceVersionDate "2021.07.31"]
[SourceQuality "1"]

1. d4 Nf6 2. c4 d6 3. Nc3 g6 4. e4 Bg7 5. f3 Nc6 6. Nge2 a6 7. Be3 Rb8 8. d5 Ne5 9. Nd4 Bd7 10. a4 c5 11. Nc2 e6 12. Na3 exd5 13. cxd5 Nh5 14. Be2 f5 15. exf5 gxf5 16. Qd2 0-0 17. Bg5 Qe8 18. a5 Qg6 19. 0-0 Rbe8 20. Rae1 f4 21. Bh4 Bf5 22. Bd1 Nd3 23. Rxe8 Rxe8 24. Nc4 Bd4+ 25. Kh1 Be3 26. Nxe3 fxe3 0-1

[Event "Belgrade Spring IM2"]
[Site "Belgrade"]
[Date "2021.04.26"]
[Round "3"]
[White "Hart, Alexander E"]
[Black "Savitha Shri, B."]
[Result "0-1"]
[WhiteElo "2016"]
[BlackElo "2261"]
[PlyCount "68"]
[EventDate "2021.04.24"]
[EventType "tourn"]
[EventRounds "9"]
[EventCountry "SRB"]
[SourceTitle "CBM 202 Extra"]
[Source "ChessBase"]
[SourceDate "2021.07.31"]
[SourceVersion "1"]
[SourceVersionDate "2021.07.31"]
[SourceQuality "1"]

1. d4 Nf6 2. c4 g6 3. Nc3 Bg7 4. e4 d6 5. f3 0-0 6. Nge2 c5 7. d5 e6 8. Ng3 exd5 9. cxd5 Nbd7 10. Be2 a6 11. a4 Qa5 12. Bd2 Qc7 13. 0-0 Rb8 14. f4 c4 15. Be3 Re8 16. Ba7 Ra8 17. Bd4 h5 18. f5 Ne5 19. a5 Qe7 20. h3 Nh7 21. Ra3 Bd7 22. Be3 Bf6 23. Bd4 Rac8 24. Qd2 Bg5 25. Qd1 Bh6 26. Rf2 Qh4 27. Nf1 gxf5 28. exf5 Nf6 29. Nh2 Nd3 30. Nf3 Nxf2 31. Bxf2 Qf4 32. Bd4 Ne4 33. Qf1 Bxf5 34. Bxc4 Ng3 0-1

[Event "Belgrade Spring IM1"]
[Site "Belgrade"]
[Date "2021.04.22"]
[Round "9"]
[White "Zegarac, Vuk"]
[Black "Hart, Alexander E"]
[Result "1-0"]
[WhiteElo "2376"]
[BlackElo "2016"]
[PlyCount "45"]
[EventDate "2021.04.16"]
[EventType "tourn"]
[EventRounds "9"]
[EventCountry "SRB"]
[SourceTitle "CBM 202 Extra"]
[Source "ChessBase"]
[SourceDate "2021.07.31"]
[SourceVersion "1"]
[SourceVersionDate "2021.07.31"]
[SourceQuality "1"]

1. d4 d5 2. c4 dxc4 3. e4 Nc6 4. Nf3 Bg4 5. Bxc4 e6 6. Be3 Bxf3 7. gxf3 Qf6 8. Bb5 Bb4+ 9. Nc3 Nge7 10. e5 Qh4 11. Qa4 a6 12. Qxb4 axb5 13. Qxb5 0-0 14. 0-0-0 Ra5 15. Qb3 Rfa8 16. Rhg1 h6 17. Rg4 Qh5 18. Rdg1 g6 19. Ne4 Kg7 20. a3 b5 21. h4 Qf5 22. Ng3 Qxf3 23. Bxh6+ 1-0

[Event "Belgrade Spring IM1"]
[Site "Belgrade"]
[Date "2021.04.18"]
[Round "3"]
[White "Milanovic, Slavisa"]
[Black "Hart, Alexander E"]
[Result "1-0"]
[WhiteElo "2301"]
[BlackElo "2016"]
[PlyCount "67"]
[EventDate "2021.04.16"]
[EventType "tourn"]
[EventRounds "9"]
[EventCountry "SRB"]
[SourceTitle "CBM 202 Extra"]
[Source "ChessBase"]
[SourceDate "2021.07.31"]
[SourceVersion "1"]
[SourceVersionDate "2021.07.31"]
[SourceQuality "1"]

1. d4 d5 2. c4 c6 3. Nc3 Nf6 4. e3 g6 5. Nf3 Bg7 6. Bd3 0-0 7. 0-0 a5 8. a3 Na6 9. cxd5 cxd5 10. Ne5 Nb8 11. Bd2 Nc6 12. f4 Bf5 13. Qe2 e6 14. Rfc1 Rc8 15. Nxc6 Rxc6 16. Bb5 Rc8 17. Na4 Rb8 18. b4 b6 19. bxa5 bxa5 20. Nc5 Ne4 21. a4 g5 22. Nxe4 Bxe4 23. fxg5 Qxg5 24. Bxa5 e5 25. dxe5 Rbc8 26. Bd7 Rxc1+ 27. Rxc1 Bxg2 28. h4 Qg3 29. Qf2 Qxf2+ 30. Kxf2 Be4 31. Bc7 Bh6 32. a5 Ra8 33. Rg1+ Kh8 34. e6 1-0

[Event "Novi Sad Put Svile Schev"]
[Site "Novi Sad"]
[Date "2021.??.??"]
[Round "6"]
[White "Hart, Alexander E"]
[Black "Dokic, Zoran"]
[Result "1-0"]
[WhiteElo "1991"]
[BlackElo "2036"]
[PlyCount "70"]
[EventDate "2021.07.20"]
[EventType "schev"]
[EventRounds "8"]
[EventCountry "SRB"]
[SourceTitle "EXT 2022"]
[Source "ChessBase"]
[SourceDate "2021.10.06"]
[SourceVersion "1"]
[SourceVersionDate "2021.10.06"]
[SourceQuality "1"]
[WhiteTeam "Theam B"]
[BlackTeam "Theam A"]
[WhiteTeamCountry "SRB"]
[BlackTeamCountry "SRB"]

1. d4 Nf6 2. c4 g6 3. Nc3 Bg7 4. e4 d6 5. f3 c6 6. Bg5 Nbd7 7. Nh3 a6 8. Qd2 e5 9. d5 cxd5 10. Nxd5 Nc5 11. Nf2 h6 12. Bxf6 Bxf6 13. Nxf6+ Qxf6 14. Rd1 Ke7 15. b4 Na4 16. Qc2 Bd7 17. c5 dxc5 18. Rxd7+ Kxd7 19. Qxa4+ b5 20. Qd1+ Ke7 21. bxc5 Rhd8 22. Qc1 Qe6 23. Bd3 Qxa2 24. 0-0 g5 25. Qc3 Qe6 26. Ng4 Rd4 27. Ne3 Kf8 28. Nd5 Rc8 29. Rc1 Qc6 30. Nb4 Qd7 31. Nd5 Rc6 32. Bf1 g4 33. Nb4 Rg6 34. c6 Qe8 35. Qc5+ Rgd6 1-0